| 000 | 00481 a2200145 4500 | ||
|---|---|---|---|
| 005 | 20250612155641.0 | ||
| 020 | _a0-256-17354-0 | ||
| 082 | _aLECT 658.403 OBR | ||
| 100 | _aO'BRIEN, J. A. | ||
| 245 | _aManagement information systems: Managing information technology in the networked enterprise. | ||
| 250 | _a3rd Ed. | ||
| 260 |
_aBoston, _bIrwin/McGraw-Hill, _c1996. |
||
| 300 |
_axxxi, 623p.: ill.; figure, map, picture, table. _bGlossary & index, _c26cm. |
||
| 942 |
_2ddc _cBKS |
||
| 999 |
_c3894 _d3894 |
||